ბათუმის შოთა რუსთაველის სახელმწიფო უნივერსიტეტის ბიბლიოთეკა

XX საუკუნის საქართველოს ლიტერატურული ცხოვრება : (მთავარ მოვლენათა ქრონიკა) / (ბიბ.ჩანაწერი № 54899)

000 -ლიდერი
ფიქსირებული სიგრძის საკონტროლო ველი 01405nam a2200277Ia 4500
001 - საკონტროლო ნომერი
საკონტროლო ველი 21968
003 - საკონტროლო ნომრის იდენტიფიკატორი
საკონტროლო ველი GE_BSU
005 - ბოლო ოპერაციის თარიღი და დრო
საკონტროლო ველი 20220920112046.0
008 - ფიქსირებული სიგრძის მონაცემთა ელემენტები - ზოგადი ინფორმაცია
ფიქსირებული სიგრძის საკონტროლო ველი 181216s2008||||ge |||||||||||||| ||geo||
020 ## - წიგნის საერთაშორისო სტანდარტული ნომერი
International Standard Book Number 9789941122323
040 ## - კატალოგიზაციის წყარო
Transcribing agency GE_BSU
041 ## - ენის კოდი
Language code of text/sound track or separate title geo
080 ## - უნივერსალური ათობითი კლასიფიკაციის ინდექსი
Universal Decimal Classification number 821.353.1.09 კ-45
100 ## - მთავარი ჩანაწერი - პიროვნების სახელი
Personal name კვერენჩხილაძე, რევაზ
9 (RLIN) 11513
245 ## - ცნობა სათაურის შესახებ
Title XX საუკუნის საქართველოს ლიტერატურული ცხოვრება : (მთავარ მოვლენათა ქრონიკა) /
Statement of responsibility, etc რევაზ კვერენჩხილაძე ; რედ. ლალი ავალიანი.
264 ## - წარმოების, გამოცემის, დისტრიბუციის და სხვა ცნობები
გამოცემის, წარმოების, დისტრიბუციის... ადგილი თბილისი :
გამოცემის, წარმოების, დისტრიბუციის... სახელწოდება უნივერსალი,
გამოცემის, წარმოების, დისტრიბუციის... თარიღი 2008.
300 ## - ფიზიკური აღწერა
Extent 418 გვ. :
Other physical details ფოტ. ;
Dimensions 20 სმ.
501 ## - შენიშვნა თანმხლებ მასალაზე
With note დამატება გვ. : 358-392
501 ## - შენიშვნა თანმხლებ მასალაზე
With note პირთა საძიებელი გვ. : 393-415
653 ## - INDEX TERM--UNCONTROLLED
Uncontrolled term XX საუკუნის საქართველოს ლიტერატურული ცხოვრება
653 ## - INDEX TERM--UNCONTROLLED
Uncontrolled term ქართული ლიტერატურა
653 ## - INDEX TERM--UNCONTROLLED
Uncontrolled term ქართული ლიტერატურის ისტორია
700 ## - ADDED ENTRY--PERSONAL NAME
Personal name ავალიანი, ლალი
Relator term რედაქტორი
9 (RLIN) 14637
942 ## - ADDED ENTRY ELEMENTS (KOHA)
Koha item type წიგნი
Source of classification or shelving scheme
ეგზემპლარები
ჩამოწერის სტატუსი დაკარგული ეგზემპლარის სტატუსი კლასიფიკაციის წყარო ან თაროზე გაწყობის სქემა დაზიანების სტატუსი არ გაიცემა მუდმივი მდებარეობა (დაცვის ადგილი) ამჟამინდელი ადგილსამყოფელი თაროზე განთავსების ადგილი შეძენის თარიღი ღირებულება, შესყიდვის ნორმალური ფასი სრული შენახვის შიფრი შტრიხკოდი ბოლო ოპერაციის თარიღი ეგზემპლარის მიმდევრობითი ნომერი (კეტერი?) ფასის ძალაში შესვლის თარიღი ეგზემპლარის სახეობა საჯარო შენიშვნა
          ბათუმის შოთა რუსთაველის სახელმწიფო უნივერსიტეტის მთავარი ბიბლიოთეკა ბათუმის შოთა რუსთაველის სახელმწიფო უნივერსიტეტის მთავარი ბიბლიოთეკა წიგნსაცავი 2018-12-17 20.00 821.353.1.09 კ-45 56707 2018-12-17 56707 2018-12-17 წიგნი 20.00 ₾.